| 000 | 00487nam a22001937a 4500 | ||
|---|---|---|---|
| 003 | LK-CoDNM | ||
| 005 | 20250131153210.0 | ||
| 008 | 250131b |||||||| |||| 00| 0 eng d | ||
| 040 |
_aLK-CoDNM _dLK-CoDNM _eLK-CoDNM |
||
| 041 | _aeng | ||
| 080 |
_a13 _bW13 |
||
| 100 | _aKirtisinghe P. | ||
| 245 | _athe Dissection Of The Rat | ||
| 260 |
_aColombo _bThe Associated Newspaper Of Ceylon _g1960 |
||
| 300 | _a47p. : ill ; 21 cm | ||
| 650 | _aScience | ||
| 650 | _aRat | ||
| 942 | _cBK | ||
| 999 |
_c237752 _d237752 |
||